zpět

Detail výsledku týmu

Chicago Bar & Grill ČT, Liberec

Datum a čas kvízu

31.5 Celkem bodů Celkový počet nahraných bodů na tomto kvízu bez doplňovacích otázek.
4. Pořadí na kvízu Konečné umístění týmu na tomto kvízu.

Zaznamenané odpovědi

# Otázka Odpověď Body Výsledky
1. Osm lidí včetně jednoho Čecha... v Burkině Faso 1
2. K půlročnímu vězení odsoudil n... líbali se 0
3. Minulý týden proběhl pařížský... Heidi Klum 0
4. V letošním roce byla udělena N... C 1
5. V neděli se na pardubickém dos... Stumptown; Irsko 0.5
6. Rozdělení Římské říše mezi Hon... na konci 4. století 0
7. Ve 14. století Evropu sevřela... D 0
8. Adolf Hitler se nepoučil z výs... 6. armáda, (Friedrich) Paulus 0
9. Jedním z největších přešlapů m... Lehman Brothers 1
10. Jak moc velkou chybou byl či n... A 1